| 000 | 00507nmm a2200157Ia 4500 | ||
|---|---|---|---|
| 008 | 251105s9999||||xx |||||||||||||||||und|| | ||
| 020 | _a9788493655433 | ||
| 041 | _aspa | ||
| 100 | _aSucarrats Miró, Josep | ||
| 245 | 0 |
_aRepúblicas Bálticas+Todos los capítulos : _b La guía básica para descubrir el país |
|
| 264 |
_a[Madrid, España] : _bEcos Travel Books, _c2009 |
||
| 300 | _a168 páginas | ||
| 490 | _aMundo Insólito | ||
| 856 | _uhttps://public.digitaliapublishing.com/a/50760 | ||
| 942 | _cCF | ||
| 999 |
_c89191 _d89191 |
||